| 000 | 01340cam a2200325 a 4500 | ||
|---|---|---|---|
| 001 | 11843075 | ||
| 003 | ARRUPE | ||
| 005 | 20130918140514.0 | ||
| 008 | 991116s2000 pau b 001 0 eng | ||
| 010 | _a 99058730 | ||
| 020 | _a1563382741 (pbk. : alk. paper) | ||
| 040 |
_aDLC _cDLC _dDLC |
||
| 042 | _apcc | ||
| 050 | 0 | 0 |
_aBV823 _b.K633 2000 |
| 100 | 1 |
_aKoenig, John, _d1938- _9557 |
|
| 245 | 1 | 4 |
_aThe feast of the world's redemption : _bEucharistic origins and Christian mission / _cJohn Koenig. |
| 260 |
_aHarrisburg, Pa. : _bTrinity Press International, _cc2000. |
||
| 300 |
_axvii, 301 p. ; _c22 cm. |
||
| 504 | _aIncludes bibliographical references and indexes. | ||
| 600 | 0 | 0 |
_aJesus Christ _xHistoricity. _9558 |
| 630 | 0 | 0 |
_aBible. _pNew Testament _xCriticism, interpretation, etc. _9559 |
| 650 | 0 |
_aLord's Supper _xBiblical teaching. _9560 |
|
| 650 | 0 |
_aJesus Christ _xHistoricity _9561 |
|
| 650 | 0 |
_aMissions _xBiblical teaching. _9562 |
|
| 650 | 0 |
_aLord's Supper _xHistory _yEarly church, ca. 30-600. _9563 |
|
| 650 | 0 |
_aMissions _xHistory _yEarly church, ca. 30-600. _9564 |
|
| 906 |
_a7 _bcbc _corignew _d1 _eocip _f19 _gy-gencatlg |
||
| 942 |
_2lcc _cMONOGRAPH |
||
| 999 |
_c117878 _d117878 |
||